000 00370nam a2200157Ia 4500
003 Ost
005 20260225132550.0
008 260225s9999||||xx |||||||||||||| ||und||
040 _cfsic
041 _afre
082 _a440
100 _aC.Roland Christensen
_eAuteur
245 0 _aFormes à une pensée autonome /
245 0 _cC.Roland Christensen
942 _cكتاب
999 _c34093
_d34093